20 planètes de fiction - Statistiques

Statistiques générales
  • Ce quiz a été pris 530 fois
    498 depuis la dernière actualisation
  • Le résultat moyen est 5 sur 20
Statistiques - réponses
Indice(s) Planète % Correct
Planète d'origine de Superman. Krypton
85%
Planète-désert de laquelle est originaire Anakin Skywalker. Tatooine
76%
Exolune habitée par les Na'vi, dans Avatar. Pandora
65%
Planète-désert habitée par les Vers des Sables et les Fremens, et d'ou provient l'Epice. Arrakis / Dune
52%
Planète d'origine des Dragon Balls, habitée par les Nameks. Namek
48%
Planète vivante & père biologique de Star-Lord, vue dans Les Gardiens de la Galxie Vol.2. Ego
34%
Planète d'origine de Spock, dans l'univers Star Trek. Vulcain
24%
Planète d'origine de Lanfeust, Cixi, Waha, et Page-Blanche. Troy
18%
Planète d'origine des Transformers. Cybertron
17%
Planète d'origine du Docteur, ainsi que des autres Seigneurs du Temps. Gallifrey
9%
Planète d'origine de 'La Denrée', dans La Soupe aux Choux. Oxo
6%
Planète d'origine des Furiens, dont Riddick est un des rares rescapés. Furya
5%
Lune habitable ou se déroule la saison 6 de la série 'Les 100'. Alpha / Sanctum
3%
Vrai nom de la planète Mars, dans l'univers de John Carter. Barsoom
3%
Planète jumelle de la Terre, présente dans la moitié des albums de Yoko Tsuno. Vinéa
3%
Planète peuplée de Goa'uld et de Jaffa, d'ou est originaire Teal'c, dans l'univers de Stargate. Chulak
2%
Planète dont dit être originaire Prot (Kevin Spacey), dans le film homonyme. K-PAX
2%
Planète inhospitalière, en orbite autour du trou noir Gargantua, dans Interstellar. Mann
2%
Planète des Gelflings, dont la source de vie est un immense cristal violet. Thra
2%
Planète d'origine des bien-nommés 'Zinzins de l'espace'. Zygma-B
2%
Aucun quiz correspondant
Distribution des résultats
% des personnes avec chaque résultat
Percentile par nombre de réponses
Votre historique - résultats
Vous n’avez pas pris ce quiz depuis la dernière actualisation